Group & Organization Management <an> International Journal

Salvato in:
Dettagli Bibliografici
Natura: Periodico
Lingua:inglese
Pubblicazione: Newbury Park SAGE Publ. 2015
Soggetti:
Tags: Aggiungi Tag
Nessun Tag, puoi essere il primo ad aggiungerne!!

MARC

LEADER 00000nas2a2200000 4500
001 0261978
005 20200131075324.8
022 |a 1059-6011 
041 0 |a eng 
044 |a US 
245 1 0 |a Group & Organization Management  |b <an> International Journal 
264 1 |a Newbury Park  |b SAGE Publ.  |c 2015 
500 |a Chýba č. 2-6 
773 0 |w eu_un_cat*s120194 
610 2 0 |a manažment strategický 
610 2 0 |a riadenie strategické 
610 2 0 |a metódy rozhodovania